000 02058cam a22006014i 4500
003 PE-LiUPU
005 20250731170441.0
008 150625s2006 pe rb 000 0 spa d
020 _a997234637
035 _a(Sirsi) i997234637
040 _aPE-LiUPU
_bspa
_cPE-LiUPU
_dPE-LiUPU
_erda
049 _aPRUA
082 0 4 _a150.1
_bM376d
_221
100 1 _aMartel Vidal, Víctor Hugo,
_eautor.
245 1 1 _a¿De qué se ocupa la psicología :
_bepistemología de la psicología: un análisis crítico sobre el objeto de estudio de la psicología /
_cVíctor Hugo Martel Vidal.
264 1 _aLima :
_bSan Marcos,
_c2006.
300 _a175 páginas ;
_c24 centímetros
336 _atext
_2rdacontent
337 _aunmediated
_2rdamedia
338 _avolume
_2rdacarrier
504 _aBibliografía: páginas 165-170.
505 0 _aEl problema -- El marco conceptual referencial -- La psicología de la conducta -- La psicología internconductual -- La teoría psicoanalítica -- La psicología de la actividad psíquica -- La psicología cognitiva -- Los métodos de estudio de la psicología -- Resultados.
526 _aSEG68
526 _aSEG70
526 _aSEG69
526 _aSEG67
526 _aSEG43
526 _aP144
526 _aP143
526 _aP131
526 _aP122
526 _aP120
526 _aP117
526 _aP112
526 _aP110
526 _aP106
526 _aP101
526 _aP80
526 _aP59
526 _aP54
526 _aP35
526 _aP33
526 _aP30
650 0 4 _aPsicología
_xEscuelas y sistemas.
650 0 4 _aPsicología
_xEstudio y enseñanza.
650 0 4 _aPsicología
_xFilosofía.
650 0 4 _aPsicología
_xHistoria.
910 _agl
942 _2ddc
_cBK
949 _a150.1
_wDEWEY
_c1
_i56531
_d2016-5-9
_e2016-5-5
_lCCODEBUL1
_mBUL
_n3
_p7.00
_r0
_sY
_tBOOK
_u2015-6-25
_xSALUD
_zUNKNOWN
_0COMPRA
_o.STAFF. Colección Ciencias de la Salud
999 _c45740
_d45740
980 _81
_gALBERTO SANCHEZ Responsable de Automatización